О спорт - ты мир... стандартов; Стандарты и качество; № 8

Bibliografiske detaljer
Parent link:Стандарты и качество: научно-технический журнал/ Российская Федерация, Государственный комитет по стандартизации и метрологии (Госстандарт России).— , 1980-.— 0038-9692
№ 8.— 2004.— С. 46-48
Hovedforfatter: Калпашников М.
Andre forfattere: Грачёв А., Быканов Н.
Sprog:russisk
Udgivet: 2004
Serier:Стандартизация: практика, методика, теория
Fag:
Format: Book Chapter
KOHA link:https://koha.lib.tpu.ru/cgi-bin/koha/opac-detail.pl?biblionumber=459680

MARC

LEADER 00000naa2a2200000 4500
001 459680
005 20231101085148.0
035 |a (RuTPU)RU\TPU\prd\123477 
035 |a RU\TPU\prd\29260 
090 |a 459680 
100 |a 20111024a2004 k y0rusy50 ca 
101 0 |a rus 
102 |a RU 
200 1 |a О спорт - ты мир... стандартов  |f М. Калпашников, А. Грачёв, Н. Быканов 
225 1 |a Стандартизация: практика, методика, теория 
461 1 |0 (RuTPU)RU\TPU\prd\992  |x 0038-9692  |t Стандарты и качество  |o научно-технический журнал  |f Российская Федерация, Государственный комитет по стандартизации и метрологии (Госстандарт России)  |d 1980- 
463 1 |0 (RuTPU)RU\TPU\prd\123469  |t № 8  |v С. 46-48  |d 2004 
610 1 |a спорт 
610 1 |a стандарты 
610 1 |a национальные стандарты 
610 1 |a спортивно-туристические изделия 
610 1 |a спортивные изделия 
700 1 |a Калпашников  |b М. 
701 1 |a Грачёв  |b А. 
701 1 |a Быканов  |b Н. 
801 1 |a RU  |b 63413507  |c 20041026  |g PSBO 
801 2 |a RU  |b 63413507  |c 20111024  |g RCR 
942 |c BK